TH-SOF-1837-Machine Learning and Signal Processing Based Analysis of EMG Signals for Daily Action Classification (Record no. 579078)
[ view plain ]
| 000 -LEADER | |
|---|---|
| fixed length control field | 00491nam a22001577a 4500 |
| 003 - CONTROL NUMBER IDENTIFIER | |
| control field | NUST |
| 038 ## - RECORD CONTENT LICENSOR | |
| Staff Name | baig |
| 082 ## - DEWEY DECIMAL CLASSIFICATION NUMBER | |
| Classification number | 200 THE |
| 100 ## - MAIN ENTRY--PERSONAL NAME | |
| Personal name | Ayesha Sadiq |
| 9 (RLIN) | 73278 |
| 110 ## - MAIN ENTRY--CORPORATE NAME | |
| Corporate name or jurisdiction name as entry element | Supervisor Dr. Sajid Gul Khawaja |
| 9 (RLIN) | 84181 |
| 245 ## - TITLE STATEMENT | |
| Title | TH-SOF-1837-Machine Learning and Signal Processing Based Analysis of EMG Signals for Daily Action Classification |
| 260 ## - PUBLICATION, DISTRIBUTION, ETC. | |
| Place of publication, distribution, etc. | ISLAMABAD: |
| Name of publisher, distributor, etc. | NUST College of EME, |
| Date of publication, distribution, etc. | 2020. |
| 563 ## - BINDING INFORMATION | |
| Binding note | hb |
| 650 ## - SUBJECT ADDED ENTRY--TOPICAL TERM | |
| Topical term or geographic name entry element | MS-COMPUTER ENGINEERING-2018 |
| 9 (RLIN) | 73279 |
| 942 ## - ADDED ENTRY ELEMENTS (KOHA) | |
| Koha item type | Computer Files |
| Source of classification or shelving scheme | |
| Withdrawn status | Lost status | Source of classification or shelving scheme | Damaged status | Not for loan | Permanent Location | Current Location | Shelving location | Date acquired | Full call number | Barcode | Date last seen | Price effective from | Koha item type |
|---|---|---|---|---|---|---|---|---|---|---|---|---|---|
| College of Electrical & Mechanical Engineering (CEME) | College of Electrical & Mechanical Engineering (CEME) | Reference | 04/09/2021 | 200 THE | TH-SOF-1837 | 06/28/2021 | 06/28/2021 | Reference |
